000 01174cad a22002295a 4500
001 L157081
008 120829s2012 xxk f 000 0 eng d
020 _a9781842198186
035 _a(Sirsi) u157081
041 0 _aeng
100 1 _aMiller, Pauline
_cDr
245 0 0 _aImproving the accuracy of ASTER elevation data for glacial change assessment in Antarctica
_h[electronic resource]
260 _aLondon
_bRICS
_c2012
490 0 _aRICS Research
520 _aLooks at an automated mathematical approach which performs statistical minimisation of a poorly-controlled DEM surface with respect to a DEM of higher accuracy. This approach, known as "surface matching" offers significant potential for improving the accuracy of ASTER data and facilitating the wider application of the technique in order to quantify glacial change in a systematic manner across the Antarctic Peninsula.
651 4 _aUnited Kingdom
_y
690 _aGeomatics
_96242
700 1 _aMills, John
_cProfessor
700 1 _aKunz, Matthias
856 4 0 _uhttps://www.rics.org/Global/Glacial_change_antarctica_120312_dwl_aj.pdf
_zView the main report free of charge at www.rics.org
942 _n0
999 _c114580
_d114580